| 000 | 00687nam a2200193 i 4500 | ||
|---|---|---|---|
| 001 | 101464 | ||
| 003 | ES-MaACL | ||
| 005 | 20240224062539.0 | ||
| 007 | t| | ||
| 008 | 051019s1959 sp ||||1| spa d | ||
| 100 | 1 |
_aMedina Bocos, César de. _979724 |
|
| 245 | 1 | 3 |
_aLa alcurnia de Don Quijote _b: (Ensayo). Estudio histórico genealógico del apellido Quijada en la provincia de Valladolid / _cCésar de Medina Bocos. |
| 260 |
_aValladolid : _b[s.n.], _c1959 ( _fGráf. Ceres) |
||
| 300 |
_a53 p. ; _c18 cm. |
||
| 600 | 0 | 4 |
_aQuijada (Familia) _9157742 |
| 600 | 1 | 4 |
_aCervantes Saavedra, Miguel de, _d1547-1616 _9226514 |
| 852 |
_aES-MaACL _j2003-F-3 _bR.44184 |
||
| 999 |
_c101464 _d101464 |
||